书目信息 |
| 题名: |
微生物发酵的代谢与控制
|
|
| 作者: | 张克旭 编著 | |
| 分册: | ||
| 出版信息: | 北京 轻工业出版社 1982 |
|
| 页数: | 270页 | |
| 开本: | 19cm | |
| 丛书名: | ||
| 单 册: | ||
| 中图分类: | TQ920.1 | |
| 科图分类: | ||
| 主题词: | 微生物学:发酵学 , 发酵学:微生物学 | |
| 电子资源: | ||
| ISBN: | ||
| 000 | 00662nam0 2200241 45 | |
| 001 | 0182006738 | |
| 005 | 20060820091502.01 | |
| 010 | @dCNY1.10 | |
| 091 | @a15042.1614 | |
| 100 | @a19950509d1982 em y0chiy0121 ea | |
| 101 | 0 | @achi |
| 102 | @aCN@b110000 | |
| 105 | @ay z 000yy | |
| 200 | 10 | @a微生物发酵的代谢与控制@Awei sheng wu fa jiao de dai xie yu kong zhi@f张克旭编著 |
| 210 | @a北京@c轻工业出版社@d1982 | |
| 215 | @a270页@d19cm | |
| 606 | @a微生物学:发酵学 | |
| 606 | @a发酵学:微生物学 | |
| 690 | @aTQ920.1@v3 | |
| 701 | 0 | @a张克旭@Azhang ke xu@4编著 |
| 801 | 0 | @aCN@bTSSF@c20060820 |
| 801 | 2 | @aCN@bNLC@c20060801 |
| 905 | @a10447@dTQ920.1@e10 | |
| 微生物发酵的代谢与控制/张克旭编著.-北京:轻工业出版社,1982 |
| 270页;19cm |
| ISBN :CNY1.10 |
| ● |
| 相关链接 |
|
|
|
|
正题名:微生物发酵的代谢与控制
索取号:TQ920.1/10
 
预约/预借
| 序号 | 登录号 | 条形码 | 馆藏地/架位号 | 状态 | 备注 |
| 1 | 0439260 | 204392601 | 密集书库/ [索取号:TQ920.1/10] | 在馆 | |
| 2 | 0470279 | 204702795 | 密集书库/ [索取号:TQ920.1/10] | 在馆 |